Category Elimination - Football (24/25) - Statistics

General Stats
  • This quiz has been taken 854 times
  • The average score is 15 of 20
Answer Stats
# % Correct
Blue Category 36 Clubs in the UEFA Champions League league phase
99%
Blue Category 20 ...that has NEVER won the European Cup/Champions League
93%
Yellow Category 32 Clubs in the 2025 FIFA Club World Cup
92%
Green Category 40 Premier League and La Liga clubs
92%
Green Category 17 ...that qualified for European competitions for the 2025/26 season
92%
Green Category 9 ...whose manager (at the end of the season) isn't Spanish
91%
Blue Category 11 ...and did not finish the previous season as league champions
89%
Yellow Category 16 ...that qualified because of winning a continental trophy
87%
Yellow Category 10 ...and didn't lose their first group stage game
86%
Blue Category 3 ...and is from France
85%
Red Category 81 Players who STARTED in any UEFA finals this season
78%
Red Category 39 ...and won the final
77%
Green Category 4 ...and hasn't won any trophies in the 24/25 season
74%
Yellow Category 5 ...and is from the Americas
67%
Red Category 15 ...and was 23 years old or younger on the day of the final
63%
Red Category 6 ...and has a market value of more than €65m
60%
Blue Category 1 ...and is playing in Europe for the first time this season Brest
54%
Yellow Category 1 ...and only has one star on their badge Botafogo
41%
Green Category 1 ...and is set to compete in their first European competition in this century Nottingham Forest
40%
Red Category 1 ...and was nominated for the Kopa Trophy 2024 João Neves
21%
No matching quizzes found
Score Distribution
Percent of People with Each Score
Percentile by Number Answered
Your Score History
You have not taken this quiz